[Event "EU-ch Rapid"]
[Site "Katowice"]
[Date "2022.12.17"]
[Round "1"]
[White "Drozdowski, Kacper"]
[Black "Kozubal, Aleksandra"]
[Result "1-0"]
[WhiteElo "2448"]
[BlackElo "1753"]
[PlyCount "103"]
[EventDate "2022.12.17"]
[EventType "swiss (rapid)"]
[EventRounds "11"]
[EventCountry "POL"]
[SourceTitle "CBM 211 Extra"]
[Source "ChessBase"]
[SourceDate "2023.01.31"]
[SourceVersion "1"]
[SourceVersionDate "2023.01.31"]
[SourceQuality "1"]

1. e4 c5 2. Nf3 e6 3. d4 cxd4 4. Nxd4 a6 5. Bd3 Qc7 6. 0-0 Nf6 7. Qe2 d6 8. c4 Be7 9. Nc3 0-0 10. Be3 Nbd7 11. Rac1 b6 12. b3 Bb7 13. Rfd1 Nc5 14. f3 Nxd3 15. Qxd3 Rfd8 16. Qe2 Nd7 17. Qf2 Bf6 18. Nde2 Rab8 19. Bd4 Bxd4 20. Rxd4 Nf6 21. Rcd1 Rd7 22. R4d2 h6 23. Qd4 Bc6 24. Rc1 Qb7 25. Rdc2 Rc8 26. a4 Qb8 27. Nd1 Ba8 28. Ne3 Rcd8 29. h3 Kh8 30. Ng4 Nxg4 31. hxg4 e5 32. Qe3 f6 33. Ng3 b5 34. cxb5 axb5 35. Nf5 bxa4 36. bxa4 d5 37. exd5 Bxd5 38. a5 Ba8 39. Qb6 Qa7 40. Rc7 Rxc7 41. Rxc7 Qxb6+ 42. axb6 Rb8 43. Rxg7 Rxb6 44. Re7 Bd5 45. Nxh6 Rb1+ 46. Kh2 Rb2 47. Kg3 Bc4 48. Nf5 Bf1 49. Ne3 Bd3 50. Rf7 e4 51. Rxf6 exf3 52. gxf3 1-0

[Event "POL-chT 2nd League"]
[Site "Jastrzebia Gora"]
[Date "2018.09.07"]
[Round "7.12"]
[White "Kindler, Karolina"]
[Black "Kozubal, Aleksandra"]
[Result "0-1"]
[WhiteElo "1632"]
[BlackElo "1754"]
[PlyCount "86"]
[EventDate "2018.09.01"]
[EventType "team-swiss"]
[EventRounds "9"]
[EventCountry "POL"]
[SourceTitle "CBM 186 Extra"]
[Source "ChessBase"]
[SourceDate "2018.08.24"]
[SourceVersion "1"]
[SourceVersionDate "2018.08.24"]
[SourceQuality "1"]
[WhiteTeam "Gdansk Korona"]
[BlackTeam "Rzeszow RzKSz"]
[WhiteTeamCountry "POL"]
[BlackTeamCountry "POL"]

1. d4 c5 2. e3 d5 3. Nf3 Nc6 4. b3 Bg4 5. Be2 e6 6. 0-0 Nf6 7. Bb2 Be7 8. Nbd2 0-0 9. Ne5 Bf5 10. f4 cxd4 11. exd4 Nb4 12. Nd3 Rc8 13. Nxb4 Bxb4 14. c4 Qa5 15. Nf3 dxc4 16. bxc4 Ne4 17. a3 Bd2 18. Qb3 Bxf4 19. Bc1 Bxc1 20. Raxc1 Nd2 21. Nxd2 Qxd2 22. Bf3 Qxd4+ 23. Kh1 b6 24. Rfd1 Qc5 25. Rd7 Rc7 26. Rcd1 h6 27. Qa4 Rxd7 28. Rxd7 a5 29. Bh5 g6 30. Bf3 e5 31. Rd5 Qf2 32. Qd1 e4 33. Be2 e3 34. Bf3 Be4 35. Re5 Bxf3 36. gxf3 Rc8 37. Re4 e2 38. Rxe2 Qxf3+ 39. Kg1 Qg4+ 40. Kh1 Rxc4 41. Rb2 Qe4+ 42. Kg1 Qe3+ 43. Kg2 Qg5+ 0-1

[Event "POL-chT 2nd League"]
[Site "Jastrzebia Gora"]
[Date "2018.09.06"]
[Round "6.102"]
[White "Kozubal, Aleksandra"]
[Black "Kaznowska, Weronika"]
[Result "1-0"]
[WhiteElo "1754"]
[BlackElo "1366"]
[PlyCount "109"]
[EventDate "2018.09.01"]
[EventType "team-swiss"]
[EventRounds "9"]
[EventCountry "POL"]
[SourceTitle "CBM 186 Extra"]
[Source "ChessBase"]
[SourceDate "2018.08.24"]
[SourceVersion "1"]
[SourceVersionDate "2018.08.24"]
[SourceQuality "1"]
[WhiteTeam "Rzeszow RzKSz"]
[BlackTeam "Olsztyn Debiut Dziesiatka"]
[WhiteTeamCountry "POL"]
[BlackTeamCountry "POL"]

1. d4 d5 2. c4 e6 3. Nc3 Nf6 4. Bf4 b6 5. e3 Be7 6. Be2 0-0 7. h3 Bb7 8. Nf3 Nbd7 9. 0-0 c5 10. Rc1 dxc4 11. Bxc4 Rc8 12. Nb5 a6 13. Nd6 Bxd6 14. Bxd6 Re8 15. a4 Ne4 16. Bh2 a5 17. Qe2 Ng5 18. Nxg5 Qxg5 19. Qg4 Qxg4 20. hxg4 Nf6 21. f3 cxd4 22. exd4 Bd5 23. Bb5 Rxc1 24. Rxc1 Ra8 25. Bc7 Bb7 26. Bxb6 Nd5 27. Bc5 g6 28. Bd6 h6 29. Kf2 Rd8 30. Bc5 Ra8 31. Ba3 Rd8 32. b3 Kg7 33. Rc5 Ra8 34. Bc4 Nb6 35. Bd3 Bd5 36. Be4 Ra7 37. Rb5 Ra6 38. Bd3 Bb7 39. Bc5 Bd5 40. Bxb6 Ra8 41. Be4 Bxe4 42. fxe4 Kf6 43. Rxa5 Rxa5 44. Bxa5 Ke7 45. b4 Kd6 46. b5 Kd7 47. Bb6 Kc8 48. a5 Kb7 49. d5 exd5 50. exd5 Kb8 51. d6 Kb7 52. d7 Kb8 53. d8Q+ Kb7 54. Qc7+ Ka8 55. Qa7# 1-0

[Event "EU-chT U18 Girls"]
[Site "Rymanow Zdroj"]
[Date "2017.08.19"]
[Round "3.8"]
[White "Kozubal, Aleksandra"]
[Black "Egyed, Judit"]
[Result "0-1"]
[WhiteElo "1733"]
[BlackElo "2162"]
[PlyCount "80"]
[EventDate "2017.08.17"]
[EventType "team-swiss"]
[EventRounds "7"]
[EventCountry "POL"]
[SourceTitle "CBM 180 Extra"]
[Source "ChessBase"]
[SourceDate "2017.10.06"]
[SourceVersion "1"]
[SourceVersionDate "2017.10.06"]
[SourceQuality "1"]
[WhiteTeam "Poland U18 Girls III"]
[BlackTeam "Hungary U18 Girls"]
[WhiteTeamCountry "POL"]
[BlackTeamCountry "HUN"]

1. d4 Nf6 2. Bf4 g6 3. e3 Bg7 4. Nf3 d6 5. h3 Nbd7 6. c3 c5 7. Nbd2 a6 8. a4 0-0 9. Bd3 cxd4 10. cxd4 Nd5 11. Bg3 Nb4 12. Bc4 Nb6 13. Bxf7+ Rxf7 14. Ng5 Rf5 15. Qb3+ Kh8 16. h4 a5 17. e4 Rxg5 18. hxg5 Qg8 19. Ke2 Qxb3 20. Nxb3 Be6 21. d5 Bd7 22. Nd2 Nxa4 23. Rac1 Bb5+ 24. Ke3 Nxb2 25. Rc7 Rf8 26. f4 Re8 27. Rxb7 Nc2+ 28. Kf2 Nd3+ 29. Kg1 Bd4+ 30. Kh2 Ba6 31. Rc7 Nc5 32. Nb3 Nxb3 33. Rxc2 Bd3 34. Ra2 Bxe4 35. Re1 Bxd5 36. Rc2 e5 37. fxe5 dxe5 38. Rce2 Bc4 39. Bxe5+ Kg8 40. Re4 Bd3 0-1

[Event "POL-chT U19 2nd League"]
[Site "Iwonicz"]
[Date "2016.07.31"]
[Round "10.50"]
[White "Kozubal, Aleksandra"]
[Black "Bakalarczyk, Jakub"]
[Result "1/2-1/2"]
[WhiteElo "1687"]
[BlackElo "1591"]
[PlyCount "64"]
[EventDate "2016.07.23"]
[EventType "team-swiss"]
[EventRounds "11"]
[EventCountry "POL"]
[SourceTitle "EXT 2019"]
[Source "ChessBase"]
[SourceDate "2018.10.10"]
[SourceVersion "1"]
[SourceVersionDate "2018.10.10"]
[SourceQuality "1"]
[WhiteTeam "Brzozow UKS SP 1 U19"]
[BlackTeam "Wielun UKS Piatka U19"]
[WhiteTeamCountry "POL"]
[BlackTeamCountry "POL"]

1. d4 d5 2. c4 c6 3. Nc3 Nf6 4. Nf3 dxc4 5. a4 Bf5 6. e3 e6 7. Bxc4 Bb4 8. 0-0 Qc7 9. Qb3 Be7 10. h3 Nbd7 11. Re1 Nb6 12. e4 Bg6 13. Bf1 0-0 14. Ne5 Nbd7 15. Nxg6 hxg6 16. Be3 Qb6 17. Qa2 Qa5 18. Bc4 Bb4 19. Bd2 a6 20. Red1 Rae8 21. f3 b5 22. axb5 Qxa2 23. Rxa2 cxb5 24. Be2 Nb8 25. Bf4 Nfd7 26. Raa1 Rc8 27. Na2 Ba5 28. Bd6 Rfd8 29. b4 Bc7 30. Be7 Re8 31. Bc5 Nxc5 32. dxc5 Be5 1/2-1/2

[Event "POL-ch U18 Girls"]
[Site "Szklarska Poreba"]
[Date "2016.03.13"]
[Round "1"]
[White "Marczuk, Anna"]
[Black "Kozubal, Aleksandra"]
[Result "1-0"]
[WhiteElo "2041"]
[BlackElo "1688"]
[PlyCount "75"]
[EventDate "2016.03.13"]
[EventType "swiss"]
[EventRounds "9"]
[EventCountry "POL"]
[SourceTitle "EXT 2018"]
[Source "ChessBase"]
[SourceDate "2017.10.13"]
[SourceVersion "1"]
[SourceVersionDate "2017.10.13"]
[SourceQuality "1"]

1. Nf3 Nc6 2. d4 d5 3. Bf4 Nf6 4. e3 Bg4 5. h3 Bh5 6. c4 e6 7. Nc3 Be7 8. Be2 0-0 9. 0-0 dxc4 10. Bxc4 Nd5 11. Bh2 Bd6 12. Bxd6 Qxd6 13. Be2 f6 14. Ne4 Qe7 15. Rc1 Nd8 16. Nc5 c6 17. Nd3 Qd6 18. Qb3 b6 19. Rfd1 Kh8 20. Qc2 Rc8 21. Qd2 Nf7 22. e4 Ne7 23. e5 fxe5 24. dxe5 Qd7 25. Qe1 Qe8 26. Nd4 Bxe2 27. Qxe2 Ng6 28. b4 Nh6 29. Qe4 c5 30. bxc5 bxc5 31. Nxc5 Rf4 32. Qe3 Nf5 33. Nxf5 Rxf5 34. Nd3 Rd8 35. Qxa7 Nxe5 36. Nxe5 Rxe5 37. Rxd8 Qxd8 38. Qb7 1-0

[Event "POL-chT U19 2nd League"]
[Site "Iwonicz"]
[Date "2015.08.01"]
[Round "11.62"]
[White "Gluch, Pawel"]
[Black "Kozubal, Aleksandra"]
[Result "0-1"]
[WhiteElo "1397"]
[BlackElo "1624"]
[PlyCount "116"]
[EventDate "2015.07.25"]
[EventType "team-swiss"]
[EventRounds "11"]
[EventCountry "POL"]
[SourceTitle "EXT 2019"]
[Source "ChessBase"]
[SourceDate "2018.10.10"]
[SourceVersion "1"]
[SourceVersionDate "2018.10.10"]
[SourceQuality "1"]
[WhiteTeam "Malopolski Skoczek Sedziszow U19"]
[BlackTeam "Brzozow UKS SP 1 U19"]
[WhiteTeamCountry "POL"]
[BlackTeamCountry "POL"]

1. b3 d5 2. Bb2 c5 3. e3 e6 4. Nf3 Nf6 5. c4 Be7 6. Be2 0-0 7. 0-0 Nc6 8. cxd5 Nxd5 9. d4 b6 10. Nc3 Bf6 11. Nxd5 Qxd5 12. Bc4 Qd8 13. Rb1 cxd4 14. exd4 Na5 15. Be2 Bb7 16. Ne5 Qd6 17. Bf3 Rfd8 18. Bxb7 Nxb7 19. Qf3 Qd5 20. Qxd5 Rxd5 21. Rbc1 Bxe5 22. dxe5 Nc5 23. g3 Nd3 24. Rb1 Nxb2 25. Rxb2 Rxe5 26. Rd1 Rd5 27. Rxd5 exd5 28. Rd2 Rd8 29. Kf1 Kf8 30. Ke2 Ke7 31. Kf3 Kd6 32. a3 Rc8 33. Rd3 Rc2 34. Ke3 a6 35. h4 Ra2 36. b4 a5 37. bxa5 bxa5 38. f3 a4 39. Kd4 Rc2 40. Ke3 Kc5 41. g4 g6 42. Kf4 Kc4 43. Rd1 Rc3 44. Ke5 Rxa3 45. Rd4+ Kc3 46. Kxd5 Kc2 47. Rf4 Rd3+ 48. Ke4 Rd7 49. Ke5 a3 50. Ra4 Rd3 51. f4 Kb2 52. Kf6 a2 53. Rxa2+ Kxa2 54. Kxf7 Rf3 55. h5 Rxf4+ 56. Kg7 Rxg4 57. h6 Rh4 58. Kxh7 g5 0-1

[Event "POL-chT U19 2nd League"]
[Site "Iwonicz"]
[Date "2015.08.01"]
[Round "9.92"]
[White "Kedzierski, Marcin"]
[Black "Kozubal, Aleksandra"]
[Result "0-1"]
[WhiteElo "1437"]
[BlackElo "1624"]
[PlyCount "74"]
[EventDate "2015.07.25"]
[EventType "team-swiss"]
[EventRounds "11"]
[EventCountry "POL"]
[SourceTitle "EXT 2019"]
[Source "ChessBase"]
[SourceDate "2018.10.10"]
[SourceVersion "1"]
[SourceVersionDate "2018.10.10"]
[SourceQuality "1"]
[WhiteTeam "Wloszakowice UKS ZSO U19"]
[BlackTeam "Brzozow UKS SP 1 U19"]
[WhiteTeamCountry "POL"]
[BlackTeamCountry "POL"]

1. e4 c5 2. Nf3 Nc6 3. Bb5 e6 4. 0-0 Qc7 5. Bxc6 bxc6 6. c3 d5 7. exd5 cxd5 8. d4 Nf6 9. h3 Bd6 10. dxc5 Bxc5 11. Be3 Bxe3 12. fxe3 Qb6 13. Qd2 0-0 14. b3 Ba6 15. Re1 Rac8 16. Qd4 Ne4 17. Nfd2 Nxc3 18. Nxc3 Qxd4 19. exd4 Rxc3 20. Nf3 Rfc8 21. Ne5 R8c7 22. Kf2 Rc2+ 23. Kg3 R7c3+ 24. Kh2 Bd3 25. Re3 Be4 26. Rxc3 Rxg2+ 27. Kh1 Rc2+ 28. Kg1 Rxc3 29. Kf2 h5 30. h4 f6 31. Nd7 Kf7 32. Nc5 Bf5 33. a4 e5 34. b4 Rc4 35. dxe5 fxe5 36. Rd1 d4 37. Re1 Kf6 0-1

[Event "POL-chT U19 2nd League"]
[Site "Iwonicz"]
[Date "2015.08.01"]
[Round "3.80"]
[White "Szarota, Milosz"]
[Black "Kozubal, Aleksandra"]
[Result "0-1"]
[WhiteElo "1645"]
[BlackElo "1624"]
[PlyCount "116"]
[EventDate "2015.07.25"]
[EventType "team-swiss"]
[EventRounds "11"]
[EventCountry "POL"]
[SourceTitle "EXT 2019"]
[Source "ChessBase"]
[SourceDate "2018.10.10"]
[SourceVersion "1"]
[SourceVersionDate "2018.10.10"]
[SourceQuality "1"]
[WhiteTeam "Nowy Sacz Sandecja U19"]
[BlackTeam "Brzozow UKS SP 1 U19"]
[WhiteTeamCountry "POL"]
[BlackTeamCountry "POL"]

1. d4 d5 2. e3 Nf6 3. Nf3 Bg4 4. Be2 e6 5. Nc3 Nbd7 6. 0-0 c6 7. a3 Bd6 8. Nd2 Bf5 9. Bf3 0-0 10. e4 dxe4 11. Ndxe4 Nxe4 12. Nxe4 Bxe4 13. Bxe4 Qh4 14. Bxh7+ Qxh7 15. g3 Nf6 16. c3 Qh3 17. Qf3 Ng4 18. Qh1 f5 19. f3 Nf6 20. Qg2 Qh5 21. Bd2 g6 22. Rae1 Rae8 23. Re2 Rf7 24. Rfe1 Rfe7 25. c4 Kf7 26. Bc3 g5 27. Rf1 g4 28. f4 Ne4 29. Rfe1 b6 30. Re3 Kg8 31. R3e2 Rh7 32. Re3 Kf7 33. R3e2 Qg6 34. Qh1 Nxg3 35. Qxc6 Nxe2+ 36. Rxe2 Bxf4 37. d5 e5 38. d6 Qe6 39. Bb4 Rd8 40. a4 e4 41. c5 bxc5 42. Bxc5 Bxd6 43. Bxd6 Qxd6 44. Qc4+ Kf8 45. Rf2 Rf7 46. Qb5 Qd5 47. Qa6 Rd6 48. Qc8+ Kg7 49. Qc3+ Qd4 50. Qg3 e3 51. Re2 Qd1+ 52. Re1 Qf3 53. Qe5+ Rdf6 54. Rxe3 Qd1+ 55. Re1 Qxa4 56. Qe3 Qb4 57. Re2 Qb6 58. Kf2 Re7 0-1

[Event "Podkarpackie-ch"]
[Site "Pstragowa"]
[Date "2015.01.05"]
[Round "6"]
[White "Kozubal, Aleksandra"]
[Black "Jurkiewicz, Zuzanna"]
[Result "1/2-1/2"]
[WhiteElo "1554"]
[BlackElo "1457"]
[PlyCount "61"]
[EventDate "2015.01.03"]
[EventType "swiss"]
[EventRounds "9"]
[EventCountry "POL"]
[SourceTitle "EXT 2019"]
[Source "ChessBase"]
[SourceDate "2018.10.10"]
[SourceVersion "1"]
[SourceVersionDate "2018.10.10"]
[SourceQuality "1"]

1. d4 d5 2. c4 e6 3. Nf3 Nf6 4. Bg5 Be7 5. Nc3 0-0 6. e3 b6 7. Be2 Bb7 8. 0-0 Nbd7 9. Qc2 h6 10. Bh4 c5 11. cxd5 Nxd5 12. Bg3 cxd4 13. Nxd5 Bxd5 14. Nxd4 Nc5 15. Rfd1 Ne4 16. Bf3 Nxg3 17. hxg3 Bxf3 18. Nxf3 Qc8 19. Rac1 Qa6 20. Qb3 Rac8 21. Ne5 Rfd8 22. Rxd8+ Bxd8 23. Rxc8 Qxc8 24. Qc4 Qxc4 25. Nxc4 Bc7 26. Kf1 Kf8 27. Ke2 Ke7 28. Kd3 f6 29. b3 Bd6 30. a4 Bc7 31. Kd4 1/2-1/2

[Event "Podkarpackie-ch"]
[Site "Pstragowa"]
[Date "2015.01.03"]
[Round "3"]
[White "Wasik, Roman"]
[Black "Kozubal, Aleksandra"]
[Result "1-0"]
[WhiteElo "1551"]
[BlackElo "1554"]
[PlyCount "129"]
[EventDate "2015.01.03"]
[EventType "swiss"]
[EventRounds "9"]
[EventCountry "POL"]
[SourceTitle "EXT 2019"]
[Source "ChessBase"]
[SourceDate "2018.10.10"]
[SourceVersion "1"]
[SourceVersionDate "2018.10.10"]
[SourceQuality "1"]

1. Nf3 d5 2. d4 Nf6 3. c4 c6 4. cxd5 cxd5 5. Nc3 Nc6 6. Bf4 a6 7. e3 g6 8. Be2 Bg7 9. Ne5 0-0 10. Nxc6 bxc6 11. 0-0 Bf5 12. Qb3 Qd7 13. Rac1 Qa7 14. Na4 Ne4 15. Rfd1 Rac8 16. Nb6 a5 17. Nxc8 Rxc8 18. Qa4 c5 19. f3 Nf6 20. dxc5 Rxc5 21. Qb3 h6 22. Qb8+ Qxb8 23. Bxb8 Rxc1 24. Rxc1 Nd7 25. Rc8+ Kh7 26. b3 Bb1 27. a3 Bb2 28. b4 axb4 29. axb4 d4 30. exd4 Bxd4+ 31. Kf1 Bf5 32. Bg3 Nb6 33. Rb8 Nd5 34. Bf2 Bc3 35. b5 Be5 36. Rd8 Be6 37. b6 Nb4 38. Bb5 Bd5 39. Bc5 Bc6 40. Be2 Nd5 41. g3 g5 42. Ba6 Nf6 43. Bxe7 Nd7 44. b7 Nb8 45. Bd3+ Kg7 46. Be4 Bb5+ 47. Kf2 Bc7 48. Rc8 Be5 49. Kg2 Bd7 50. Rc5 f6 51. Rxe5 fxe5 52. Bd6 Na6 53. Bxe5+ Kf7 54. b8Q Nxb8 55. Bxb8 Kf6 56. g4 Bc8 57. Kg3 Ba6 58. Bd6 Kf7 59. Be5 Bc8 60. h4 Be6 61. hxg5 hxg5 62. Kf2 Ke7 63. Ke3 Kf7 64. Kd4 Ke7 65. Kc5 1-0

[Event "POL-ch U16 Girls"]
[Site "Karpacz"]
[Date "2015.??.??"]
[Round "5"]
[White "Humin, Julia"]
[Black "Kozubal, Aleksandra"]
[Result "0-1"]
[WhiteElo "1594"]
[BlackElo "1681"]
[PlyCount "100"]
[EventDate "2015.03.??"]
[EventType "swiss"]
[EventRounds "9"]
[EventCountry "POL"]
[SourceTitle "EXT 2017"]
[Source "ChessBase"]
[SourceDate "2016.10.25"]
[SourceVersion "1"]
[SourceVersionDate "2016.10.25"]
[SourceQuality "1"]

1. e4 c5 2. Nf3 Nc6 3. Bb5 a6 4. Bxc6 dxc6 5. b3 Nf6 6. d3 Bg4 7. Bb2 e6 8. 0-0 Be7 9. Nbd2 b5 10. Re1 Qb6 11. Nf1 Rd8 12. Ng3 h5 13. e5 Nd5 14. h3 h4 15. Ne4 Bh5 16. Nd6+ Kd7 17. c4 Nf4 18. d4 Bxd6 19. dxc5 Qxc5 20. Qxd6+ Qxd6 21. exd6 Bxf3 22. gxf3 Nxh3+ 23. Kh2 Ng5 24. Re3 f6 25. c5 Rh5 26. Rae1 Re8 27. b4 Nf7 28. Kh3 Rf5 29. Kg4 g5 30. Kh3 Nh8 31. Kg4 Ng6 32. Re4 Nf4 33. Bc1 Nd3 34. Rf1 Ne5+ 35. Kh3 Rxf3+ 36. Kh2 Rh8 37. Bxg5 fxg5 38. Rxe5 g4 39. Rg5 Rf4 40. Rg7+ Kd8 41. Ra7 Rhf8 42. Kg2 R8f7 43. Rxa6 h3+ 44. Kg1 g3 45. Ra8+ Kd7 46. Ra7+ Kc8 47. Rxf7 Rxf7 48. f4 Rh7 49. Re1 Rh4 50. a3 Rxf4 0-1

[Event "POL-ch U16 Girls"]
[Site "Karpacz"]
[Date "2015.??.??"]
[Round "2"]
[White "Kozubal, Aleksandra"]
[Black "Walkowiak, Bogumila"]
[Result "1-0"]
[WhiteElo "1681"]
[BlackElo "1313"]
[PlyCount "95"]
[EventDate "2015.03.??"]
[EventType "swiss"]
[EventRounds "9"]
[EventCountry "POL"]
[SourceTitle "EXT 2017"]
[Source "ChessBase"]
[SourceDate "2016.10.25"]
[SourceVersion "1"]
[SourceVersionDate "2016.10.25"]
[SourceQuality "1"]

1. d4 d5 2. c4 e6 3. Nc3 Nf6 4. cxd5 exd5 5. Bg5 Be7 6. Qc2 c6 7. e3 Qc7 8. Bxf6 Bxf6 9. Nxd5 Qa5+ 10. Nc3 Bf5 11. Bd3 Bxd3 12. Qxd3 0-0 13. Nf3 Nd7 14. 0-0 Nb6 15. Ne4 Nd5 16. Nxf6+ Nxf6 17. a3 Rfe8 18. Rac1 Rac8 19. b4 Qd8 20. Rc2 Qd6 21. Qb3 Qd5 22. Qxd5 Nxd5 23. Rfc1 f6 24. b5 Ne7 25. bxc6 Rxc6 26. Rxc6 Nxc6 27. Nd2 Kf7 28. Nb3 Re7 29. Kf1 Nd8 30. d5 Rd7 31. e4 b6 32. Nd4 Ke7 33. Nf5+ Kf7 34. Nd4 g6 35. Nb5 Ke7 36. f4 h6 37. g4 g5 38. Kf2 Kf7 39. f5 Ke7 40. Ke3 Kf7 41. d6 Ke8 42. Kd4 Nf7 43. Nc7+ Kd8 44. Ne6+ Ke8 45. Rc8+ Nd8 46. Rxd8+ Rxd8 47. Nxd8 Kxd8 48. Kd5 1-0

[Event "POL-ch U16 Girls"]
[Site "Karpacz"]
[Date "2015.??.??"]
[Round "1"]
[White "Malinowska, Monika"]
[Black "Kozubal, Aleksandra"]
[Result "1/2-1/2"]
[WhiteElo "1407"]
[BlackElo "1681"]
[PlyCount "80"]
[EventDate "2015.03.??"]
[EventType "swiss"]
[EventRounds "9"]
[EventCountry "POL"]
[SourceTitle "EXT 2017"]
[Source "ChessBase"]
[SourceDate "2016.10.25"]
[SourceVersion "1"]
[SourceVersionDate "2016.10.25"]
[SourceQuality "1"]

1. d4 d5 2. c4 c6 3. Nf3 e6 4. Nc3 Nf6 5. Bg5 Nbd7 6. e3 Bb4 7. a3 Bxc3+ 8. bxc3 Qa5 9. Qb3 0-0 10. Bf4 Ne4 11. Rc1 a6 12. Bd3 dxc4 13. Bxc4 Ndf6 14. 0-0 Nd5 15. Bxd5 exd5 16. Rfd1 Qd8 17. c4 dxc4 18. Qxc4 Qe7 19. d5 cxd5 20. Qxd5 Nf6 21. Qa5 Qe4 22. Rd4 Qg6 23. Rcd1 h6 24. Qc7 Be6 25. Qxb7 Qh5 26. Ne5 a5 27. Qb6 Qf5 28. Rd8 Nd5 29. Rxf8+ Rxf8 30. Qxa5 Nxf4 31. exf4 Qxf4 32. h3 Qg5 33. Qc3 Bxh3 34. Qxh3 Qxe5 35. Qf3 Qa5 36. Ra1 Rc8 37. Qe3 Qa4 38. Qd3 Ra8 39. Qc3 Rb8 40. Qc5 Re8 1/2-1/2

[Event "POL-chT U19 2nd League"]
[Site "Szczyrk"]
[Date "2014.07.31"]
[Round "9.101"]
[White "Kozubal, Aleksandra"]
[Black "Hryn, Zofia"]
[Result "0-1"]
[WhiteElo "1576"]
[BlackElo "1320"]
[PlyCount "90"]
[EventDate "2014.07.25"]
[EventType "team-swiss"]
[EventRounds "11"]
[EventCountry "POL"]
[SourceTitle "EXT 2015"]
[Source "ChessBase"]
[SourceDate "2014.11.20"]
[SourceVersion "1"]
[SourceVersionDate "2014.11.20"]
[SourceQuality "1"]
[WhiteTeam "Brzozow UKS SP 1 U19"]
[BlackTeam "Gliwice Akademia Szachowa U19"]
[WhiteTeamCountry "POL"]
[BlackTeamCountry "POL"]

1. d4 d5 2. c4 e6 3. Nf3 Nf6 4. Bg5 c6 5. a3 dxc4 6. Nc3 Nbd7 7. e4 b5 8. e5 h6 9. Bh4 g5 10. Nxg5 hxg5 11. Bxg5 Qa5 12. exf6 b4 13. Ne4 bxa3+ 14. Bd2 Qf5 15. Ng3 Qxf6 16. Bc3 axb2 17. Rb1 Rb8 18. Bxc4 c5 19. Qd3 Qh6 20. Qe3 Bg7 21. Nf5 Qxe3+ 22. Nxe3 cxd4 23. Rxb2 dxc3 24. Rxb8 Nxb8 25. Kd1 Nc6 26. Kc2 Bd7 27. h3 a5 28. Re1 Rh5 29. f4 Nd4+ 30. Kc1 Bb5 31. Ba2 Ne2+ 32. Kc2 Ba4+ 33. Kd3 Nxf4+ 34. Kc4 Bb5+ 35. Kb3 a4+ 36. Kc2 Bd3+ 37. Kd1 Rc5 38. Nc2 Be2+ 39. Rxe2 Nxe2 40. Kxe2 Rb5 41. Bc4 Rb2 42. Kd3 Kd7 43. g4 f5 44. gxf5 exf5 45. Ne3 Rd2# 0-1

[Event "POL-chT U19 2nd League"]
[Site "Szczyrk"]
[Date "2014.07.28"]
[Round "5.89"]
[White "Kozubal, Aleksandra"]
[Black "Kotula, Magdalena"]
[Result "1-0"]
[WhiteElo "1576"]
[BlackElo "1613"]
[PlyCount "115"]
[EventDate "2014.07.25"]
[EventType "team-swiss"]
[EventRounds "11"]
[EventCountry "POL"]
[SourceTitle "EXT 2015"]
[Source "ChessBase"]
[SourceDate "2014.11.20"]
[SourceVersion "1"]
[SourceVersionDate "2014.11.20"]
[SourceQuality "1"]
[WhiteTeam "Brzozow UKS SP 1 U19"]
[BlackTeam "Chorzow ChTS U19"]
[WhiteTeamCountry "POL"]
[BlackTeamCountry "POL"]

1. d4 Nf6 2. c4 e5 3. d5 Bc5 4. e3 d6 5. Nc3 a5 6. Bd3 0-0 7. Nge2 Ne8 8. 0-0 f5 9. Kh1 Nf6 10. f3 Nh5 11. Qe1 Qg5 12. Ng3 Nxg3+ 13. Qxg3 Qxg3 14. hxg3 Rf6 15. Kg1 Bd7 16. Bd2 Na6 17. a3 Re8 18. Rae1 Bb6 19. Bc2 Ref8 20. Ba4 Bxa4 21. Nxa4 Ba7 22. Bxa5 f4 23. gxf4 Rxf4 24. b3 Rh4 25. Bd2 Rf5 26. g3 Rh3 27. Kg2 Rfh5 28. Rh1 Rxh1 29. Rxh1 Rxh1 30. Kxh1 Kf7 31. b4 Kf6 32. Kg2 Kf5 33. Nc3 c6 34. g4+ Kf6 35. Kg3 g6 36. f4 exf4+ 37. exf4 Bd4 38. Ne4+ Ke7 39. Bc3 Be3 40. Bf6+ Kd7 41. Bb2 cxd5 42. Nf6+ Ke6 43. Nxd5 Bd2 44. Kf3 Be1 45. Ke4 Bg3 46. g5 Bh2 47. Nf6 Nc7 48. Nxh7 d5+ 49. cxd5+ Nxd5 50. Nf8+ Kf7 51. Kxd5 Kxf8 52. Be5 Ke7 53. a4 Bg1 54. Bd6+ Kf7 55. Bc5 Bh2 56. Ke5 Bg3 57. b5 Be1 58. Bb6 1-0

[Event "EU-ch U14 Girls 23rd"]
[Site "Budva"]
[Date "2013.10.08"]
[Round "9"]
[White "Kozubal, Aleksandra"]
[Black "Marquez Marvizon, Alejandra"]
[Result "0-1"]
[WhiteElo "1555"]
[BlackElo "1720"]
[PlyCount "124"]
[EventDate "2013.09.29"]
[EventType "swiss"]
[EventRounds "9"]
[EventCountry "MNE"]
[SourceTitle "EXT 2014"]
[Source "ChessBase"]
[SourceDate "2013.11.20"]
[SourceVersion "1"]
[SourceVersionDate "2013.11.20"]
[SourceQuality "1"]

1. d4 d5 2. c4 c6 3. Nf3 dxc4 4. Nc3 b5 5. a4 b4 6. Ne4 Qd5 7. Ned2 c3 8. bxc3 bxc3 9. Nb1 Qa5 10. Qc2 e6 11. Nxc3 Nf6 12. Bd2 Bb4 13. e4 Ba6 14. Bd3 Bxd3 15. Qxd3 Qa6 16. Qc2 Nbd7 17. Rb1 Ba5 18. Ng1 e5 19. Nge2 exd4 20. Nxd4 Ne5 21. Nde2 Nd3+ 22. Kf1 0-0 23. f3 Bxc3 24. Bxc3 Rab8 25. g3 Rxb1+ 26. Qxb1 Rd8 27. Qc2 Qc4 28. Kg2 Nxe4 29. Rf1 Nxc3 30. Nxc3 Nc5 31. Rc1 h6 32. Ne2 Qxc2 33. Rxc2 Nxa4 34. Rxc6 Nb6 35. Rc7 Ra8 36. Nd4 a5 37. Rc1 Nd5 38. Ra1 Nb4 39. Ra4 Kf8 40. Nb3 Nc6 41. Kf2 Ke7 42. Nc5 Kd6 43. Ne4+ Kc7 44. Nc3 Kb6 45. Rf4 Ne5 46. Na4+ Kb5 47. Nc3+ Kc6 48. Re4 f6 49. h3 Ra7 50. Ke3 Rd7 51. Nb1 Rd1 52. f4 Rxb1 53. fxe5 Re1+ 54. Kf4 Rxe4+ 55. Kxe4 fxe5 56. Kxe5 a4 57. Kf5 a3 58. Kg6 a2 59. Kxg7 a1Q+ 60. Kxh6 Qc3 61. h4 Qxg3 62. h5 Qg4 0-1

[Event "EU-ch U14 Girls 23rd"]
[Site "Budva"]
[Date "2013.10.05"]
[Round "6"]
[White "Asatryan, Sona"]
[Black "Kozubal, Aleksandra"]
[Result "0-1"]
[WhiteElo "1753"]
[BlackElo "1555"]
[PlyCount "148"]
[EventDate "2013.09.29"]
[EventType "swiss"]
[EventRounds "9"]
[EventCountry "MNE"]
[SourceTitle "EXT 2014"]
[Source "ChessBase"]
[SourceDate "2013.11.20"]
[SourceVersion "1"]
[SourceVersionDate "2013.11.20"]
[SourceQuality "1"]

1. d4 d5 2. c4 c6 3. cxd5 cxd5 4. Bf4 Nc6 5. Nc3 a6 6. e3 Nf6 7. Bd3 e6 8. Rc1 Bb4 9. Nge2 0-0 10. 0-0 Nh5 11. Na4 Nxf4 12. Nxf4 Bd6 13. Qh5 h6 14. Ne2 Nb4 15. Bb1 Qa5 16. Nac3 Bd7 17. Ne4 Be7 18. Nc5 Bc8 19. a3 Nc6 20. Nf4 Bg5 21. Nh3 Bf6 22. Qd1 g6 23. Nf4 Bg7 24. h4 Re8 25. Qb3 Qc7 26. Rc3 Qe7 27. h5 g5 28. Ne2 Na5 29. Qc2 Nc4 30. f4 b6 31. Ne4 f5 32. Nd2 b5 33. Nxc4 bxc4 34. Qa4 Bd7 35. Qa5 Reb8 36. Rc2 Rb5 37. Qd2 g4 38. Nc3 Rb6 39. g3 Qf7 40. Qh2 Be8 41. Rd2 Qxh5 42. Qxh5 Bxh5 43. Na4 Rb3 44. Kf2 Bf8 45. Rc1 Rab8 46. Bc2 R3b7 47. Bd1 Be8 48. Nc5 Bxc5 49. dxc5 Rxb2 50. Rxb2 Rxb2+ 51. Kf1 Bc6 52. a4 Rb4 53. Ke1 Kf7 54. a5 Ke7 55. Kd2 Rb5 56. Ba4 Rxc5 57. Bxc6 Rxc6 58. Rb1 Kd7 59. Kc3 Kd6 60. Rb8 Kc7 61. Rh8 Rc5 62. Rxh6 Kd6 63. Kb4 Rb5+ 64. Ka4 c3 65. e4 dxe4 66. Rh8 c2 67. Ra8 c1Q 68. Rd8+ Kc5 69. Rd5+ Kc4 70. Rd4+ Kc3 71. Rd3+ Kc2 72. Rc3+ Kd1 73. Rd3+ Qd2 74. Rc3 Qa2+ 0-1